[Event "2015 WBX Team Tournament"]
[Site "Edmonton"]
[Date "2015.12.13"]
[Round "5"]
[White "Shevchenko, Oleksii"]
[Black "Kadavil, Suresh"]
[Result "1-0"]
[WhiteElo "1632"]
[BlackElo "1702"]
[PlyCount "99"]
[EventDate "2015.12.12"]
[EventType "tourn"]
[EventRounds "5"]
[EventCountry "CAN"]
[SourceDate "2016.04.20"]

1. d4 b6 2. Nf3 Bb7 3. Bf4 e6 4. e3 Nf6 5. Bd3 Ne4 6. Nbd2 f5 7. Ne5 g6 8. f3
Nxd2 9. Qxd2 d6 10. Nc4 b5 11. Na5 Ba6 12. a4 Qd7 13. axb5 Bxb5 14. Bxb5 Qxb5
15. Qc3 Qb6 16. Ra3 Qb5 17. Rb3 Qd7 18. O-O Bg7 19. Rb7 Na6 20. Qc4 O-O 21.
Qxa6 e5 22. Bg3 exd4 23. Bxd6 Qxd6 24. Qxd6 cxd6 25. exd4 Bxd4+ 26. Kh1 Rf7 27.
b3 Bc3 28. Rxf7 Kxf7 29. Nc4 Ke6 30. Rd1 d5 31. Na3 a6 32. Rd3 Rc8 33. Nb1 {
With his last move White attacked the opponent's bishop. In response, Black
suddenly offered a transition to a pawn endgame:} d4 $2 ({Instead, Black
should simply retreat the bishop:} 33... Be5 {with a nice endgame advantage.})
34. Nxc3 Rxc3 (34... dxc3 {is worse. After} 35. f4 {the black rook is tied up
to defence of the c3-pawn and White can improve at leisure.}) 35. Rxc3 dxc3 36.
Kg1 Kd5 37. Kf2 {The critical position of the endgame.} Kd4 $2 {Surprisingly,
the losing move.} (37... f4 $1 {is the only but a relatively easy way to draw.
After} 38. Ke2 Kd4 {White can't make progress.}) 38. g3 $2 {White gives the
opponent another chance.} ({Correct is} 38. f4 {clearing the key f3-square for
the king.} {Play may continue} h6 39. h4 Ke4 40. g3 Kd4 41. Kf3 {The black
king will have to retreat sooner or later:} a5 42. Ke2 Ke4 43. Kf2 Kd4 44. Kf3
h5 45. Ke2 Ke4 46. Kf2 Kd4 47. Kf3 Kc5 48. Ke3 {etc.}) 38... a5 $2 {Not that
pawn.} ({Correct is} 38... g5 {followed by f5-f4.}) 39. Ke2 $2 {One more
chance for Black.} ({Again,} 39. f4 {is the winning move.}) 39... g5 $1 40. h3
g4 $2 {Objectively, the losing move although Black could have played far more
tenaciously later.} (40... f4 41. g4 h6 $1 {is sufficient to draw as the white
king can't advance.}) 41. hxg4 fxg4 42. fxg4 Ke4 43. g5 Kd4 (43... Kf5 44. Kd3
Kxg5 45. Kxc3 Kg4 46. Kd4 Kxg3 {transposes to the line below.}) 44. Kf3 Kc5 {
Now White wins easily.} ({The best chance is} 44... Ke5 45. Ke3 Kf5 46. Kd3
Kxg5 47. Kxc3 Kg4 48. Kd4 Kxg3 49. c4 h5 50. c5 h4 51. c6 h3 52. c7 h2 53. c8=Q
h1=Q {This position looks like a draw but White has an amazing sequence
leading to a trade of queens and another winning pawn endgame:} 54. Qc7+ {
For example,} Kf2 55. Qc2+ Kg3 56. Qg6+ Kf4 57. Qd6+ Kg4 58. Qe6+ Kg3 59. Qe5+
Kg4 60. Qe4+ {etc.}) 45. Ke3 Kb5 46. Kd4 Kb4 47. Kd3 a4 48. bxa4 Kxa4 49. Kxc3
Kb5 50. Kd4 1-0

[Event "2016 Northern Alberta Open"]
[Site "Edmonton"]
[Date "2016.02.28"]
[Round "4.2"]
[White "Findlay, Ian"]
[Black "Matras-Clement, Agnieszka"]
[Result "0-1"]
[WhiteElo "2275"]
[BlackElo "2327"]
[PlyCount "152"]
[EventDate "2016.02.27"]
[EventType "swiss"]
[EventRounds "5"]
[EventCountry "CAN"]
[SourceDate "2016.04.20"]

1. e4 e5 2. Nf3 Nc6 3. Bb5 a6 4. Ba4 Nge7 5. c3 g6 6. d4 exd4 7. Nxd4 b5 8. Bb3
Bg7 9. Be3 Na5 10. Bc2 Nc4 11. Bc1 O-O 12. O-O Bb7 13. Re1 d5 14. exd5 Nxd5 15.
Nd2 Nxd2 16. Bxd2 c5 17. Nf3 Qc7 18. Bg5 h6 19. Bh4 Rfe8 20. Qd2 Nb6 21. Bg3
Qc6 22. Rad1 Nc4 23. Qc1 Rad8 24. Bb3 Rxe1+ 25. Nxe1 Re8 26. Nf3 Re2 27. Bxc4
bxc4 28. Re1 Qe6 29. Kf1 Bxf3 30. gxf3 Rxe1+ 31. Qxe1 Qd5 32. Kg2 Bf6 33. Qe4
Qd2 34. Qc6 Kg7 35. Qxc5 Qxb2 36. Qxc4 a5 37. a4 Qxc3 38. Qxc3 Bxc3 39. Kf1 f5
40. Ke2 Kf6 {As in the previous example, the position looks completely drawish.
} 41. Kd3 ({The most reliable way to secure a draw is} 41. Bc7 Ke6 ({Black
gets in trouble after} 41... Be5 $2 42. Bxa5 Bxh2 43. Bd2 $1) 42. Kd3 Be1 43.
Kc4 Kd7 44. Bb6 Kc6 45. Bd4 {and neither side can make any progress.}) 41...
Be5 {Now White faces a rather difficult choice.} 42. Bxe5+ $2 {The losing move.
} (42. f4 {looks awful but is actually OK. For example,} Bd6 43. Kc4 Ke6 44.
Kb5 Bb4 45. f3 Kd5 46. Bf2 Bd2 47. h3 Bxf4 48. Kxa5 {and the passed pawn
guarantees White a draw.}) ({The only other way is} 42. Ke3 {which allows
White to establish control over the key f4-square and get the opposition in
the upcoming pawn endgame.} {After} Ke6 43. Bxe5 Kxe5 44. f4+ $1 Kd5 45. Kd3 g5
46. fxg5 hxg5 47. f3 Ke5 48. Ke3 {a draw is inevitable.}) 42... Kxe5 43. Kc4 {
White chooses the lesser evil but it's not enough to save the game.} ({It's
too late now for} 43. Ke3 f4+ 44. Kd3 Kd5 45. h3 g5 46. Kc3 Kc5 {followed by a
decisive penetration.}) 43... Kf4 44. Kb5 Kxf3 45. Kxa5 Kxf2 46. Kb4 f4 47. a5
f3 48. a6 Kg1 49. a7 f2 50. a8=Q f1=Q {After a forced sequence of moves it
turns out that White can't save his h-pawn.} 51. Qe4 g5 52. Qd4+ Kxh2 53. Qd2+
Kg3 54. Qe3+ Kh4 {Black eventually converted her two extra pawns into a full
point.} 55. Qe6 h5 56. Ka4 g4 57. Qe7+ Kh3 58. Qg5 h4 59. Qd5 g3 60. Qe6+ Kh2
61. Qe5 h3 62. Qd6 Qc4+ 63. Ka5 Qe4 64. Kb5 Qe2+ 65. Ka5 Kg2 66. Qd5+ Kg1 67.
Qc5+ Qf2 68. Qc1+ Kh2 69. Qc7 Kh1 70. Qc1+ Qg1 71. Qc3 Qa7+ 72. Kb5 Qd7+ 73.
Ka5 g2 74. Qf3 Qc7+ 75. Ka6 Kh2 76. Qe2 Qf4 0-1

[Event "2016 Northern Alberta Open"]
[Site "Edmonton"]
[Date "2016.02.28"]
[Round "4.13"]
[White "Hughey, Leah"]
[Black "Briones, Dante"]
[Result "0-1"]
[WhiteElo "1715"]
[BlackElo "2012"]
[PlyCount "44"]
[EventDate "2016.02.27"]
[EventType "swiss"]
[EventRounds "5"]
[EventCountry "CAN"]
[SourceDate "2016.04.20"]

1. e4 c5 2. Nf3 Nc6 3. c3 d5 4. exd5 Qxd5 5. Bb5 $6 {The fact that White
scores less than 20% from here says everything about the quality of this
continuation.} (5. d4 {is a normal move.}) 5... Bg4 6. d4 cxd4 7. Bxc6+ Qxc6 8.
cxd4 Bxf3 9. gxf3 {Black is clearly better due to the opponent's terrible pawn
structure.} O-O-O $2 {However, after this overly optimistic move the pawn
structure becomes irrelevant.} ({Correct is} 9... e6 10. Nc3 Nf6 {with play
against White's weaknesses.}) 10. Bf4 $1 {Black is going to have problems
along the c-file and his next move only makes things worse.} Qb6 $2 ({Instead,
} 10... Qe6+ $5 11. Kf1 Qh3+ 12. Kg1 e5 13. Bxe5 Bd6 {with an unclear position.
}) 11. Nd2 $1 Rd7 12. Rc1+ Kd8 13. Qc2 (13. O-O $5 {increasing the lead in
development looks good.}) 13... e6 ({Black misses} 13... Qc6 $1 {with a chance
to either get the queens off the board or slow the attack down.}) 14. Qc8+ {
Now White's attack is irresistible.} Ke7 15. Rc7 Rxc7 16. Bxc7 Qxd4 17. Nc4 $1
Nh6 18. Bd6+ Kf6 19. Be5+ $4 {What a pity! This natural move turns out to be a
blunder.} ({Correct is} 19. Qd8+ Kf5 20. Ne3+ Kg6 21. Rg1+ {and Black can
resign.}) 19... Qxe5+ 20. Nxe5 Bb4+ {Unfortunately, Black gets his queen back
with interest.} 21. Qc3 Bxc3+ 22. bxc3 Kxe5 0-1

[Event "2016 Northern Alberta Open"]
[Site "Edmonton"]
[Date "2016.02.28"]
[Round "5.1"]
[White "Matras-Clement, Agnieszka"]
[Black "Valencia, Belsar"]
[Result "0-1"]
[WhiteElo "2309"]
[BlackElo "2358"]
[PlyCount "98"]
[EventDate "2016.02.27"]
[EventType "swiss"]
[EventRounds "5"]
[EventCountry "CAN"]
[SourceDate "2016.04.20"]

1. e4 c5 2. Nf3 e6 3. d4 cxd4 4. Nxd4 a6 5. Nc3 Qc7 {The game begins as a
classical Sicilian Kan.} 6. Bd3 Nc6 {Now Black transposes to the Taimanov.} (
6... Nf6 {remains on Kan territory.}) 7. Nxc6 bxc6 8. O-O Nf6 9. Qe2 d6 10. f4
Be7 11. Kh1 {This standard prophylaxis looks too slow here.} ({Immediate} 11.
e5 $5 {deserves serious attention.} {For example,} Nd5 12. exd6 Bxd6 13. Ne4 {
with initiative. In this line White is ready to sacrifice the f4-pawn to speed
up development.}) 11... d5 12. f5 {After this novelty Black obtains a
comfortable position in the center.} ({Instead,} 12. b3 $5 O-O 13. Bb2 {
maintains the central tension for the time being.}) 12... e5 13. Bd2 Bb7 14.
Rae1 d4 {Black has equalized.} 15. Na4 c5 16. b3 c4 $1 {An excellent resource
preventing the enemy knight from occupying the c4-square.} 17. Bxc4 ({The
other capture} 17. bxc4 {is better but after} Bc6 18. Nb2 Rb8 19. Nd1 O-O {
Black has full compensation for the pawn.}) 17... Nxe4 18. Bc1 Bd6 $2 {This
should have cost Black a pawn.} (18... Bf6 {looks dangerous} {because of} 19.
Ba3 {preventing short castling.}) ({Instead, the computer recommends} 18... Qc6
$5 {eyeing the g2-pawn.}) 19. Bd3 $2 ({After} 19. Qg4 {Black has nothing
better than} Nf6 {White can safely grab a pawn} 20. Qxd4 {with advantage.})
19... Nf6 {Now the game returns to normal.} 20. Bg5 O-O 21. Bxf6 gxf6 22. Nb2 (
{Here was a good opportunity to get rid of the backward c2-pawn by means of} 
22. c3 $1 {It looks like a pawn sacrifice but it's a temporary one: if} dxc3 {
then} 23. Rc1 {and} Bb4 $4 {is impossible in view of} 24. Qg4+ {The importance
of this will become clear towards the end of the game.}) 22... Kh8 23. Be4 Rg8
24. Nc4 Bxe4 25. Qxe4 Bb4 26. Re2 Rac8 27. Rf3 Bf8 28. Qh4 Qc6 29. Rh3 h6 {
White's position may look formidable but she doesn't really have tangible
threats.} 30. Re4 ({The computer advocates} 30. Na5 Qd6 31. Nc4 {offering a
repetition of moves but I am sure that White wasn't even thinking about it.})
30... Rg5 31. Rg4 Kg8 32. Rhg3 Bg7 {Black's fortress on the dark squares is
unbreakable.} 33. h3 Re8 34. Kh2 $2 ({Once again, it was necessary to split
the opponent's central pawn duo by means of} 34. c3 $1) 34... Kf8 $2 {One
defensive move too many.} ({Black had a chance to play} 34... e4 $1 {making
White's position critical. The e-pawn is hard to stop.}) {The critical point
of the game.} 35. Nd2 $2 {White's desire to bring the knight to the attack is
understandable but the price paid is too high.} ({Again, correct is} 35. c3 $1
dxc3 36. Rxc3 {when White's position may actually be slightly better. Here}
Rxf5 $4 {is impossible because of} 37. Ne3 Qxc3 38. Nxf5 {and wins.}) 35...
Qxc2 $1 {Black correctly evaluates the position reached after the following
sequence.} 36. Ne4 {White must have counted on this resource but Black can
simply sacrifice an exchange.} Ke7 $1 37. Nxg5 fxg5 38. Qh5 Qxf5 {The passed
pawns will soon prove to be unstoppable.} 39. h4 Qg6 40. Qxg6 fxg6 41. hxg5 h5
42. Re4 Kd6 43. Rf3 Kd5 44. Re1 e4 45. Rf7 Be5+ 46. Kg1 e3 47. Kf1 Ke4 48. Rf3
Rc8 49. a3 Bf4 0-1

[Event "2016 Alberta Championship"]
[Site "Edmonton"]
[Date "2016.03.25"]
[Round "1"]
[White "Haessel, Dale"]
[Black "Ng, Gary"]
[Result "0-1"]
[WhiteElo "2212"]
[BlackElo "2228"]
[PlyCount "100"]
[EventDate "2016.03.25"]
[EventRounds "5"]
[EventCountry "CAN"]
[SourceDate "2016.04.20"]

1. d4 Nf6 2. c4 e6 3. Nf3 b6 4. a3 Ba6 5. Qc2 Bb7 {It seems that Black has
simply lost a tempo but the point of his play will be revealed soon.} 6. Nc3 c5
{That's the point.} 7. e4 ({Now a generally desirable} 7. d5 {implies a pawn
sacrifice as the white queen no longer controls the d5-square.}) 7... cxd4 8.
Nxd4 Bc5 9. Nf3 ({This position occurred many times in practice;} 9. Nb3 {
looks like the only try for an opening advantage.}) 9... Nc6 ({Here Black
could have tried} 9... Ng4 $5 10. h3 Nxf2 11. Rh2 f5 12. b4 Nxe4 13. bxc5 O-O {
with a highly unbalanced and an unclear position.}) 10. Bd3 Qb8 11. O-O Ng4 {
Black unambiguously signals his intention to attack on the kingside and sets
up a small trap in the meantime. He has won the opening battle.} 12. Ne2 {
White sensibly covers the d4-square.} ({Certainly not} 12. h3 $2 Nd4 {winning
on the spot.}) 12... Nce5 13. Nxe5 Qxe5 14. Bf4 Qf6 15. Bg3 h5 16. h4 g5 $1 {
Logical and strong. Black seizes the initiative and opens up lines for his
attack.} 17. hxg5 Qxg5 18. b4 Be7 {Positional considerations may now be thrown
out of the window. The situation on the board is such that it is very hard to
figure out what's going on and what each opponent should be doing. I'll simply
state that Black's attack is quite dangerous; White will try to create
counterplay against the enemy king with his next few moves.} 19. c5 bxc5 20.
bxc5 e5 ({A useful move taking the f4-square under control. Now Black is ready
to push the h-pawn. However,} 20... Bc6 $5 {preventing White's next may be
stronger.}) 21. Bb5 Rc8 {A good practical decision.} (21... h4 {leads to some
wacky variations after} 22. Bxd7+ Kxd7 23. Qa4+ Ke6 24. f4 $1 {A sample line is
} Bxc5+ 25. Bf2 Bxf2+ 26. Rxf2 Qe7 27. fxe5 Nxf2 28. Qb3+ Kxe5 29. Qb2+ Kd6 30.
Qd4+ Kc7 31. Rc1+ Bc6 32. Nc3 Rhd8 33. Nd5+ Rxd5 34. exd5 Ne4 35. Rxc6+ Kd7 36.
Qa4 Kd8 37. Qd4 Nd6 38. Rxd6+ Qxd6 39. Qh8+ Ke7 40. Qxa8 {resulting in an
equal queen endgame.}) 22. Rfd1 Bc6 23. Qd3 Nf6 24. Bxc6 Rxc6 25. Rab1 O-O $1 {
It's time to get the king to safety; Black will soon pick up the c5-pawn and
will continue his own attack.} 26. Rb7 $2 {This is overly optimistic and leads
to a quick catastrophe.} ({Correct is} 26. f3 $1 Bxc5+ 27. Bf2 {defending
against immediate threats.}) 26... h4 27. Bh2 Bxc5 {White is defenceless
against a multitude of the opponent's threats.} 28. Nc3 Bxf2+ {The outcome of
the game is decided.} 29. Kf1 ({Or} 29. Kxf2 Rxc3 {etc.}) 29... Ng4 30. Nd5 Bc5
31. Bg1 f5 32. Ke2 Bxg1 33. Rxd7 (33. Rxg1 {leads to a quick checkmate after}
fxe4 34. Qxe4 Rf2+) 33... Bc5 {Black is simply up a piece; White could have
resigned at this point.} 34. Qb3 Kh8 35. Qb7 Rh6 36. Rf7 Rxf7 37. Qxf7 Qh5 38.
Qxf5 Qxf5 39. exf5 Bxa3 40. Rb1 Ra6 41. Rh1 Rh6 42. Rb1 Rd6 43. Nc3 Rd7 44. Ne4
Be7 45. Kf3 Nf6 46. Ng5 Rd3+ 47. Ke2 Rg3 48. Nf7+ Kg7 49. Nxe5 Rxg2+ 50. Kf1
Rg5 0-1

[Event "2016 Alberta Championship"]
[Site "Edmonton"]
[Date "2016.03.27"]
[Round "4"]
[White "Ng, Gary"]
[Black "Banerjee, Bitan"]
[Result "1/2-1/2"]
[WhiteElo "2228"]
[BlackElo "2320"]
[PlyCount "85"]
[EventDate "2016.03.25"]
[EventRounds "5"]
[EventCountry "CAN"]
[SourceDate "2016.04.20"]

1. d4 Nf6 2. c4 g6 3. Nf3 Bg7 4. g3 O-O 5. Bg2 d6 6. O-O Nbd7 7. Nc3 e5 8. e4
exd4 9. Nxd4 Nc5 10. Re1 Re8 11. h3 {So far the game has followed a well
trodden path; Black's next waiting move is less common though.} h6 12. Rb1 ({
White can try to exploit the slowness of the opponent's approach by} 12. Nb3 $5
) 12... a5 13. Bf4 ({Here} 13. Ndb5 $5 {preventing c7-c6 deserves attention.})
13... Bd7 14. Kh2 a4 15. Ndb5 h5 {An idea tested in Moradiabadi-Ganguly, 2011.}
16. Qc2 ({The aforementioned game continued} 16. Qd2 {which turned out to be
better for White.}) 16... h4 17. g4 Bc6 18. Rbd1 g5 19. Bc1 {Correct.} (19.
Bxg5 {looks unnecessarily risky:} Nxg4+ 20. hxg4 Qxg5 21. Nxc7 Qxg4 {with a
messy position.}) 19... Bxb5 {Black voluntarily parts with the bishop pair
which cannot be recommended.} ({There is nothing wrong with} 19... Nfd7 {
intending to occupy the e5-square with one of the minor pieces.} {Here} 20. Nd5
{may be answered by} Ne6) 20. Nxb5 Nh7 {Black anticipates the opening of the
f-file after which this knight may occupy an excellent g5-square.} 21. Nd4 {
Surprisingly, the knight jump to f5 doesn't give White much; this is probably
the point where he should look for improvement.} ({Another plan is} 21. f4 gxf4
22. Bxf4 Be5 23. Rf1 {intending to create pressure along the f-file.} {However,
after} Ng5 24. Kh1 Bxf4 25. Rxf4 Re5 26. Rdf1 Qe7 27. Nc3 c6 {White doesn't
have a clear way of strengthening his position further.}) 21... Be5+ 22. Kg1
Qf6 23. Nf5 Nf8 24. b4 axb3 25. axb3 Nce6 {As a result, the knight looks good
on f5 but it doesn't cooperate well with the rest of the white army.} 26. Be3
Nd7 27. Rb1 Ra3 28. b4 b6 29. Qc1 {White doesn't have an obvious plan and
Black begins taking over.} Ra2 30. Bf1 Rea8 31. c5 {Correct. White should try
to mix things up.} bxc5 32. Bb5 Ra1 33. Qc2 ({Certainly not} 33. Bxd7 $2 Rxb1
34. Qxb1 Ra1 {and wins.}) 33... R8a2 34. Qd3 Nb6 ({With the benefit of
hindsight, Black would have preferred} 34... Ra3 35. Qf1 Rxb1 {keeping a pair
of rooks on the board.}) 35. Rxa1 Rxa1 36. Rxa1 Bxa1 37. bxc5 dxc5 {The exit
of all four rooks has brought White some relief. He may be able to hold
despite a small material deficit.} 38. Bc4 {As I have said before, parting
with the bishop pair voluntarily cannot be recommended.} ({Understandably
though, White did not want to resort to waiting moves like} 38. Bd2 {advocated
by the computer.}) 38... Nxc4 39. Qxc4 Bd4 40. Bd2 {Correct.} (40. Nxd4 $2 cxd4
{is completely lost.}) 40... Ng7 {This is too committal for a move right
before the time control.} ({Instead, Black can play something neutral like} 
40... Qe5 {, get an extra 30 minutes on the clock and then think about the
position thoroughly.}) 41. Nxd4 cxd4 {As a result, Black immediately parts
with his extra pawn for nothing.} (41... Qxd4 {is an interesting try for a win:
after} 42. Qxd4 cxd4 43. Bxg5 Ne6 {White regains his pawn at a cost of giving
the opponent two dangerous connected passers. Given the tournament situation,
however, Black may have judged this continuation to be unnecessarily risky.})
42. Qxc7 Ne6 43. Qc8+ {A curious moment.} ({The computer gives} 43. Qb8+ Kg7
44. Qb5 {as being completely equal.}) (43. Qc8+ {After the text move, however,}
Kg7 44. Kg2 {(to cover the f3-square)} Qe5 45. Qc6 Nc5 {wins the e4-pawn.} {
The computer then asserts that} 46. Qb5 Qxe4+ 47. Kg1 {saves White half a
point in all the lines but proving it over the board would have been far from
easy. In any case, a draw was agreed immediately.}) 1/2-1/2

[Event "2016 Alberta Championship"]
[Site "Edmonton"]
[Date "2016.03.27"]
[Round "5"]
[White "Banerjee, Bitan"]
[Black "Haessel, Dale"]
[Result "1/2-1/2"]
[WhiteElo "2320"]
[BlackElo "2212"]
[PlyCount "53"]
[EventDate "2016.03.25"]
[EventRounds "5"]
[EventCountry "CAN"]
[SourceDate "2016.04.20"]

1. d4 Nf6 2. c4 g6 3. Nc3 d5 4. Nf3 Bg7 5. Bg5 Ne4 6. Bh4 Nxc3 7. bxc3 c5 {
Overall, the whole line looks pretty good for White, and the current game
doesn't change this assessment.} (7... dxc4 {is a superior alternative from
both the computer and the database perspective.}) 8. cxd5 Qxd5 9. e3 cxd4 10.
cxd4 Nc6 11. Be2 e5 {Striving for an endgame but White's advantage persists.}
12. dxe5 Qa5+ 13. Qd2 Qxd2+ 14. Kxd2 O-O 15. Rab1 Nxe5 16. Nd4 Nd7 {This move
was once played by GM Alexei Shirov but it doesn't change the character of the
position. Black is behind in development, while White has strong queenside
pressure and an easy game.} 17. Bf3 Nb6 18. Rhc1 f5 19. a4 $1 Nxa4 20. Rb4 $6 {
Too slow.} ({Instead, after} 20. Bd5+ Kh8 21. Be7 Re8 22. Rc7 {Black is
paralyzed.} {If} Nb6 {then} 23. Bf7 {and White wins an exchange.} Be5 {doesn't
help in view of} 24. Nf3 $1 {and the white rook is taboo because of a
checkmate in one.}) 20... Nb6 21. Ra1 {White has created an obvious threat but
it can be parried.} Bf6 22. Bg3 Nd7 ({The computer advocates} 22... Bd8 $5 {
with an idea to push the a-pawn under favorable circumstances.}) 23. Bd6 Rd8
24. Bd5+ Kh8 25. Bxb7 {It's time for White to restore material equality
although Black is happy to exchange his passive light-squared bishop.} Bxb7 26.
Rxb7 Ne5 27. Bxe5 {And here White has decided to offer a draw to secure the
title.} ({Under different tournament circumstances White would have tried} 27.
Bc7 Rd5 28. Ra6 Nd7 29. Rd6 Rxd6 30. Bxd6 {with chances to win the a-pawn and
to play for a win with no risk.}) (27. Bxe5 {Indeed, after} Bxe5 28. Raxa7 Rxa7
29. Rxa7 Bxd4 30. exd4 Rxd4+ {there is nothing to play for.}) 1/2-1/2